Aveces tenemos que ser limpios = / (Record no. 18615)
[ view plain ]
| 000 -LEADER | |
|---|---|
| fixed length control field | 00825nam a2200265Ia 4500 |
| 001 - CONTROL NUMBER | |
| control field | sky218568372 |
| 003 - CONTROL NUMBER IDENTIFIER | |
| control field | SKY |
| 005 - DATE AND TIME OF LATEST TRANSACTION | |
| control field | 20170720151130.0 |
| 008 - FIXED-LENGTH DATA ELEMENTS--GENERAL INFORMATION | |
| fixed length control field | 080211s2005 coua j 000 1 eng d |
| 020 ## - INTERNATIONAL STANDARD BOOK NUMBER | |
| International Standard Book Number | 9780976815112 (hard) |
| 020 ## - INTERNATIONAL STANDARD BOOK NUMBER | |
| International Standard Book Number | 0976815117 (hard) |
| 040 ## - CATALOGING SOURCE | |
| Original cataloging agency | DAJ |
| Transcribing agency | DAJ |
| Modifying agency | SX@ |
| 041 ## - LANGUAGE CODE | |
| Language code of text/sound track or separate title | spa |
| -- | eng |
| 092 ## - LOCALLY ASSIGNED DEWEY CALL NUMBER (OCLC) | |
| Classification number | E |
| Item number | Mur |
| 099 ## - LOCAL FREE-TEXT CALL NUMBER (OCLC) | |
| Classification number | Murray, B. |
| 100 1# - MAIN ENTRY--PERSONAL NAME | |
| Personal name | Murray, Barbara Ann. |
| 245 10 - TITLE STATEMENT | |
| Title | Aveces tenemos que ser limpios = / |
| Remainder of title | Sometimes we have to be clean |
| Statement of responsibility, etc. | created and written by Barbara Ann Murray ; illustrated by Sam A. Salas. |
| 246 ## - VARYING FORM OF TITLE | |
| Title proper/short title | Sometimes we have to be clean |
| 260 ## - PUBLICATION, DISTRIBUTION, ETC. (IMPRINT) | |
| Place of publication, distribution, etc. | Colorado : |
| Name of publisher, distributor, etc. | Barb Barb Books, |
| Date of publication, distribution, etc. | c2005. |
| 300 ## - PHYSICAL DESCRIPTION | |
| Extent | 30 p. : |
| Other physical details | col. ill. ; |
| Dimensions | 24 x 31 cm. |
| 500 ## - GENERAL NOTE | |
| General note | Bilingual edition. |
| 650 #0 - SUBJECT ADDED ENTRY--TOPICAL TERM | |
| Topical term or geographic name as entry element | Patience |
| Form subdivision | Juvenile fiction. |
| 700 1# - ADDED ENTRY--PERSONAL NAME | |
| Personal name | Salas, Sam A. |
| 942 ## - ADDED ENTRY ELEMENTS (KOHA) | |
| Koha item type | Libro/Book |
| Withdrawn status | Lost status | Source of classification or shelving scheme | Damaged status | Not for loan | Home library | Current library | Date acquired | Total Checkouts | Barcode | Date last seen | Date checked out | Price effective from | Koha item type |
|---|---|---|---|---|---|---|---|---|---|---|---|---|---|
| Dewey Decimal Classification | Barbudos -- Satellite | Barbudos -- Satellite | 20/07/2017 | 1 | 35801543 | 28/01/2020 | 20/02/2018 | 20/07/2017 | Libro/Book |